Don John of Austria (Record no. 159218)
[ view plain ]
| 000 -LEADER | |
|---|---|
| campo de control de longitud fija | 00834nam a22001935i 4500 |
| 001 - NÚMERO DE CONTROL | |
| campo de control | 159218 |
| 003 - IDENTIFICADOR DE NÚMERO DE CONTROL | |
| campo de control | ES-MaACL |
| 005 - FECHA Y HORA DE LA ÚLTIMA TRANSACCIÓN | |
| campo de control | 20251014063230.0 |
| 008 - DATOS DE LONGITUD FIJA--INFORMACIÓN GENERAL | |
| campo de control de longitud fija | 000120s1883 xxka |||| | eng d |
| 040 ## - FUENTE DE CATALOGACIÓN | |
| Centro catalogador/agencia de origen | CCPB | B |
| Lengua de catalogación | spa |
| Centro/agencia transcriptor | CCPB | B |
| 100 1# - ENTRADA PRINCIPAL--NOMBRE DE PERSONA | |
| Nombre de persona | Stirling Maxwell, William, |
| Títulos y otros términos asociados al nombre | Sir, |
| Fechas asociadas al nombre | 1818-1878 |
| 9 (RLIN) | 129751 |
| 245 10 - MENCIÓN DEL TÍTULO | |
| Título | Don John of Austria |
| Resto del título | : or passages from the history of the sixteenth century 1547-1578 / |
| Mención de responsabilidad, etc. | by the late Sir William Stirling-Maxwell, Bart. |
| 260 ## - PUBLICACIÓN, DISTRIBUCIÓN, ETC. | |
| Lugar de publicación, distribución, etc. | London : |
| Nombre del editor, distribuidor, etc. | Longmans, Green, and Co., |
| Fecha de publicación, distribución, etc. | 1883 ( |
| Lugar de fabricación/manufactura | Edinburgh : |
| Fabricante | printed by R. & R. Clark) |
| 300 ## - DESCRIPCIÓN FÍSICA | |
| Extensión | 2 v. (XX, [1], 513; XIII, [1], 526 p.) : |
| Otras características físicas | il. ; |
| Dimensiones | 27 cm. |
| 600 14 - PUNTO DE ACCESO ADICIONAL DE MATERIA--NOMBRE DE PERSONA | |
| Nombre de persona | Austria, Juan de ( |
| Fechas asociadas al nombre | 1545-1578) |
| 9 (RLIN) | 151484 |
| 651 #4 - PUNTO DE ACCESO ADICIONAL DE MATERIA--NOMBRE GEOGRÁFICO | |
| Nombre geográfico | España- |
| Subdivisión general | Historia- |
| Subdivisión cronológica | 1556-1598, Felipe II. |
| 9 (RLIN) | 8218 |
| 852 ## - LOCALIZACIÓN | |
| Ubicación | ES-MaACL |
| Número de control de estantería | G-7144-45 |
| Nota libre | -- Enc. tela |
| Estatus retirado | Estado de pérdida | Estado de daño | No para préstamo | Colección | Biblioteca de origen | Biblioteca actual | Ubicación en estantería | Fecha de adquisición | Total de préstamos | Signatura topográfica completa | Código de barras | Visto por última vez | Precio de reemplazo | Tipo de ítem Koha |
|---|---|---|---|---|---|---|---|---|---|---|---|---|---|---|
| Libros del s. XIX | Biblioteca del Ateneo de Madrid | Biblioteca del Ateneo de Madrid | Depósito 2 | 17/01/2008 | G-7144-45 | 1166676 | 23/02/2023 | 23/02/2023 | Libro impreso antiguo |
